Statistics for The 1975 - Settle Down Lyrics

Click here to take the quiz!

General Stats

  • This quiz has been taken 17 times
  • The average score is 226 of 305

Answer Stats

Answer% Correct
A
100%
a
100%
be
100%
Do
100%
down
100%
down!
100%
get
100%
I
100%
my
100%
settle
100%
to
100%
we
100%
We
100%
you
100%
You
100%
back
89%
can't
89%
crying
89%
For
89%
house
89%
know
89%
loud
89%
loud!
89%
mouth
89%
out
89%
so
89%
the
89%
your
89%
Your
89%
and
78%
And
78%
around
78%
don't
78%
found
78%
I'm
78%
myself
78%
now?
78%
Now
78%
now
78%
soft
78%
that
78%
what
78%
What
78%
with
78%
bout
67%
effect
67%
face
67%
guess
67%
hair
67%
having
67%
Her
67%
her
67%
just
67%
learn
67%
let
67%
me
67%
mean
67%
never
67%
on
67%
seem
67%
she
67%
sound
67%
up
67%
you're
67%
another
56%
any
56%
bodies
56%
burn
56%
cold
56%
Covering
56%
familiar
56%
girl
56%
hands
56%
hour
56%
I'd
56%
I'll
56%
oh
56%
or
56%
over
56%
place
56%
pushing
56%
round
56%
small
56%
stay
56%
stop
56%
sure
56%
talking
56%
through
56%
two
56%
walking
56%
all
44%
Avoiding
44%
But
44%
Cause
44%
fixated
44%
in
44%
speaking
44%
town
44%
way
44%
wears
44%
We're
44%
words
44%
Dictating
33%
Falling
33%
people
33%
turn
33%
Into
22%
losing
22%

Score Distribution

Percentile by Number Answered

Percent of People with Each Score

Your Score History

You have not taken this quiz